AK’s General Knowledge A-Z #63 - Statistics

General Stats
  • This quiz has been taken 357 times
  • The average score is 16 of 26
Answer Stats
Hint Answer % Correct
N – One Thousand and One ______, a collection of stories compiled during the Islamic Golden Age, also known as the Arabian ______ Nights
90%
C – NFL team Dallas ____, or something that is called “gauchos” in Argentina Cowboys
89%
F – Jorge Mario Bergoglio aka Pope _______ Francis
89%
V – Miami ____, crime TV series where the main characters were Sonny Crockett and Ricardo Tubbs Vice
89%
U – what Gene Kelly is spinning in his hand when he’s dancing and Singin' in the Rain Umbrella
88%
S – is “argentum” in Latin, or Long John in Treasure Island Silver
87%
A – not enemy, but lawyer McBeal Ally
86%
G – the wizard leading the Fellowship of the Ring Gandalf
86%
O – makes you see the glass half full Optimism
84%
D – ___ Leppard, English rock band formed in 1977 Def
80%
K – acronym for “Committee for State Security”, foreign intelligence and domestic security agency of the Soviet Union KGB
80%
B – city where the term “downtown” was first used Boston
76%
T – three strikes in a row in bowling, or country that is either Europe’s 38th or 2nd largest by area Turkey
75%
H – Gangkhar Puensum, possibly the highest unclimbed mountain in the world, is the highest peak of the Bhutanese _________ Himalayas
72%
M – a keepsake, or Christopher Nolan’s film where man with short-term memory loss attempts to hunt down his wife's murderer – again Memento
70%
Q – somewhat, rather Quite
70%
R – a hose is wound around this, or ____ 2 Real who like to move it Reel
67%
L – country whose border is 909 km (565 mi) long and forms a complete loop Lesotho
52%
X – one of the two sex-determining allosomes; is found in both male and female genome X chromosome
46%
Z – discontinued line of digital media products and services by Microsoft; rhymes with the 2021 sci-fi film starring Timothée Chalamet Zune
46%
E – Swiss mathematician Leonhard, the greatest mathematician of the 18th century Euler
31%
W – theme (era) of video game Hearts of Iron World War II
27%
J – singer-songwriter with hit “You Were Meant for Me” (her name is “Edelstein” in German) Jewel
21%
I – third-largest moon of Saturn, or (in Greek mythology) the father of Atlas and Prometheus Iapetus
7%
P – Doña ___, the ship whose sinking was the deadliest peacetime maritime disaster in history, or the Nobel Prize winning author Octavio Paz
6%
Y – _____ Peninsula, located north-west and west of Adelaide in South Australia Yorke
6%
No matching quizzes found
Score Distribution
Percent of People with Each Score
Percentile by Number Answered
Your Score History
You have not taken this quiz